Algunos aspectos de control en el proceso de cierre de estados financieros sobre base NIIF (Registro nro. 12019)

Detalles MARC
000 -LEADER
fixed length control field 00357 a2200109 4500
001 - CONTROL NUMBER
control field ART_27672
005 - DATE AND TIME OF LATEST TRANSACTION
control field 20260410161626.0
008 - FIXED-LENGTH DATA ELEMENTS--GENERAL INFORMATION
fixed length control field 260409a
100 1# - MAIN ENTRY--PERSONAL NAME
Personal name Luppi, Hugo Alberto
245 10 - TITLE STATEMENT
Title Algunos aspectos de control en el proceso de cierre de estados financieros sobre base NIIF
773 0# - HOST ITEM ENTRY
Title Enfoques
Related parts - Nº 11 (nov. 2014)
Record control number REV416

No hay ítems disponibles.